000 00648nam a22001937a 4500
003 OSt
005 20251124144545.0
008 251124b |||||||| |||| 00| 0 eng d
020 _a 9781680948295
040 _aDWCL-Main lib
_cOC
082 _aRes. 001.64 T314 2018
100 _a3G ELEARNING FZ LLC
245 _aTheory, Practice and techniques in computer science/
_c3G ELEARNING FZ LLC
260 _aN.Y :
_b3G E-Learning,
_cc2018.
300 _aix, 303 pages :
_billustrations (chiefly color) ;
_c23cm.
504 _aIncludes bibliographical references and index.
650 _a1. Computer Science
942 _2ddc
_cBK-0 CIRC
_kRes.
_n0
999 _c6105
_d6105